Tolkāppiyar kālamum kalaiyum. (Record no. 58607)

MARC details
000 -LEADER
fixed length control field 00567cam a22002291 4500
001 - CONTROL NUMBER
control field sa 64004576
003 - CONTROL NUMBER IDENTIFIER
control field DLC
005 - DATE AND TIME OF LATEST TRANSACTION
control field 20260227112026.0
008 - FIXED-LENGTH DATA ELEMENTS--GENERAL INFORMATION
fixed length control field 890519s1962 ii 000 0 tamo
010 ## - LIBRARY OF CONGRESS CONTROL NUMBER
LC control number sa 64004576
035 ## - SYSTEM CONTROL NUMBER
System control number (OCoLC)19738209
040 ## - CATALOGING SOURCE
Original cataloging agency DLC
Transcribing agency WaU
Modifying agency DLC
042 ## - AUTHENTICATION CODE
Authentication code premarc
050 00 - LIBRARY OF CONGRESS CALL NUMBER
Classification number PL4759.T63
Item number C4
100 0# - MAIN ENTRY--PERSONAL NAME
Personal name Centur̲aimuttu.
245 10 - TITLE STATEMENT
Title Tolkāppiyar kālamum kalaiyum.
260 ## - PUBLICATION, DISTRIBUTION, ETC.
Date of publication, distribution, etc. [1962]
300 ## - PHYSICAL DESCRIPTION
Extent 244 p.
Dimensions 19 cm.
500 ## - GENERAL NOTE
General note In Tamil.
600 00 - SUBJECT ADDED ENTRY--PERSONAL NAME
Personal name Tolkāppiyar.
Title of a work Tolkāppiyam.
650 #0 - SUBJECT ADDED ENTRY--TOPICAL TERM
Topical term or geographic name entry element Tamil (Indic people)

No items available.

Powered by Koha